00415nam a22001457a 4500010001800000020002300018035001800041037002500059082001600084100002200100245005000122260003200172270004600204300001900250 aB-459090-9119 a8170237157c325.00 aB-459090-9119 adplbAllied Pub /Ven a613.7046082 aIyengar, Geeta S. aYoga;ba gem for women /cby Geeta S. Iyengar aNew DelhibAllied Pubc2011 a1/13-14 Asaf Ali RoadbNew Delhie110002 axvi,327pc20cm